MARC

LEADER 00000nab a2200000 4500
001 vtls012147640
003 SK-MaSNL
005 20260318115136.0
008 220905c2020 xo er|n || ||00 b0ukr
015 |a SNBRB2022/09 
038 |a SVKPOCL 
040 |a SVKPOCL  |b slo  |c SVKPOCL  |e rda 
041 0 |a ukr 
043 |a e-xo--- 
044 |a xo  |c SK 
072 7 |a 39  |x Etnológia. Etnografia. Folklór  |2 konspekt 
072 7 |a 392  |x Zvyky, mravy, obyčaje v súkromnom živote  |2 konspekt 
080 |a 392.6  |2 2011 
080 |a 398.3  |2 2011 
080 |a (437.6)  |2 2011 
080 |a 398  |2 2011 
080 |a 316.022.4(=161.25)(091)  |2 2011 
080 |a 398.332.416  |2 2011 
100 1 |a Kimák-Fejko, Peter  |4 aut  |4 ivr  |9 1326783 
245 1 0 |a Roždestvennŷ zvŷkŷ spišskŷch Rusyniv  |c Petro Kimak-Fejko 
246 3 3 |a Roždestvennў zvўkў spišskўch Rusyniv 
336 |a text  |b txt  |2 rdacontent 
337 |a bez média  |b n  |2 rdamedia 
338 |a zväzok  |b nc  |2 rdacarrier 
500 |a V rubrike Naša tema 
600 1 7 |a Koneval, Mikuláš,  |d 1948-  |2 SNKMA  |9 156330 
600 1 7 |a Staňová Michalková, Mária,  |d 1987-  |2 svkpocl  |9 423260 
648 7 |a 2020  |2 svkpocl  |9 340435 
650 0 7 |a náboženské sviatky  |2 SNKPH  |9 84026 
650 0 7 |a ľudová kultúra  |2 SNKPH  |9 66058 
650 0 7 |a vianočné zvyky  |2 SNKPH  |9 69817 
650 0 7 |a ľudové tradície  |2 SNKPH  |9 4960 
650 0 7 |a ľudové zvyky  |2 SNKPH  |9 66558 
650 0 7 |a etnografia  |2 SNKPH  |9 950 
650 0 7 |a etnológia  |2 SNKPH  |9 715 
650 0 7 |a náboženské tradície  |2 SNKPH  |9 4961 
650 0 7 |a cirkevné tradície  |2 SNKPH  |9 68855 
650 0 7 |a Vianoce  |2 SNKPH  |9 3412 
650 0 7 |a Rusíni  |2 SNKPH  |9 4087 
651 7 |a Slovensko  |2 SNKPHgeo  |9 14231 
651 7 |a Spiš (Slovensko : región)  |2 SNKPHgeo  |9 17692 
700 1 |a Staňová Michalková, Mária,  |d 1987-  |4 aut  |4 ive  |9 423260 
773 0 |t NN info Rusyn  |g Roč. XVII (29), č. 23-24 (2020), s. 7  |x 2454-0013 
852 |a SVKPO  |b KIS3GCP 
958 |a RN 
958 |a SS 
958 |a SK 
958 |a NT 
958 |a BX 
958 |a NM 
999 |c 3344652  |d 3346582